De las obligaciones en general: coloquio de iusprivatistas de Roma y América Cuarta reunión de trabajo
Shranjeno v:
| Main Authors: | , |
|---|---|
| Format: | Knjiga |
| Jezik: | španščina |
| Izdano: |
Lima
Universidad Católica del Perú
2012
|
| Izdaja: | 1a. ed |
| Teme: | |
| Oznake: |
Označite
Brez oznak, prvi označite!
|
MARC
| LEADER | 00000cam a2200000 a 4500 | ||
|---|---|---|---|
| 001 | UCD1510 | ||
| 003 | CL-VaPUC | ||
| 005 | 20210313002154.0 | ||
| 008 | 160310e20120000pe 1 spa d | ||
| 020 | |a 9786124146244 | ||
| 082 | 0 | 4 | |a 346.02 |b MOR |2 21 |
| 100 | 1 | |a Morales Hervias, Rómulo |e author |9 622153 | |
| 700 | 1 | |a Priori Posada, Giovanni F |e author |9 622154 | |
| 245 | 1 | 0 | |a De las obligaciones en general: coloquio de iusprivatistas de Roma y América Cuarta reunión de trabajo |
| 250 | |a 1a. ed | ||
| 260 | |a Lima |b Universidad Católica del Perú |c 2012 | ||
| 300 | |a 575 p | ||
| 583 | |a last modification |c 20190909 10:23:43 |k Rodrigo Vera | ||
| 650 | 0 | 0 | |a Derecho civil |9 255013 |
| 650 | 0 | 0 | |a Obligaciones |9 255578 |
| 650 | 0 | 7 | |a SUCESION |2 CL-VaPUC |9 375829 |
| 942 | |c BK | ||
| 945 | |a dcastane |d 20160310 23:10:00 | ||
| 546 | |a En Español | ||
| 536 | |a Pontificia Universidad Católica del Perú | ||
| 518 | |p Coloquio de Iusprivatistas de Roma y América, 4, Lima, 21 y 22 de julio de 2011 | ||
| 999 | |c 384815 |d 384813 | ||
| 952 | |0 0 |1 0 |3 erb |4 0 |6 346_020000000000000_MOR_2012 |7 0 |8 A |9 507801 |a BIBDER |b BIBDER |i 5502446 |o 346.02 MOR 2012 |p 5502446 |r 2023-01-25 |w 2020-01-23 |y BK |z Catalogado en:20180927 |k DER | ||